Альбом детальных чертежей пассажирского паровоза 2-3-0 с пароперегревателем системы Шмидта правительственного заказа. Приложение...: Номенклатура частей пассажирского паровоза 2-3-0... (Запись № 6159321)

Подробности
000 -МАРКЕР
контрольное поле 01362nam2a22002531 4500
001 - ИДЕНТИФИКАТОР ЗАПИСИ
контрольное поле v19\rc\1890988
005 - ИДЕНТИФИКАТОР ВЕРСИИ
контрольное поле 20250908195303.0
035 ## - ДРУГИЕ СИСТЕМНЫЕ НОМЕРА
Идентификатор записи (NLR Aleph) 004978436
100 ## - ДАННЫЕ ОБЩЕЙ ОБРАБОТКИ
Данные общей обработки 20080221d1911 u y0rusy50 ca
101 0# - ЯЗЫК РЕСУРСА
Язык текста, звукозаписи и т.д. русский
102 ## - СТРАНА ПУБЛИКАЦИИ ИЛИ ПРОИЗВОДСТВА
Страна публикации Российская Федерация
105 ## - ПОЛЕ КОДИРОВАННЫХ ДАННЫХ: ТЕКСТОВЫЕ МАТЕРИАЛЫ, МОНОГРАФИЧЕСКИЕ
Кодированные данные о монографическом текстовом документе y z |||||
200 1# - ЗАГЛАВИЕ И СВЕДЕНИЯ ОБ ОТВЕТСТВЕННОСТИ
Основное заглавие Номенклатура частей пассажирского паровоза 2-3-0...
Сведения, относящиеся к заглавию Ч. 1-2
Первые сведения об ответственности О-во Путиловск. заводов
210 ## - ПУБЛИКАЦИЯ, РАСПРОСТРАНЕНИЕ И ДР.
Место издания, распространения и т.д. Санкт-Петербург
Имя издателя, распространителя и т. д. типо-лит. И.Я. Земцова
Дата издания, распространения и т.д. 1911
215 ## - ФИЗИЧЕСКАЯ ХАРАКТЕРИСТИКА
Специфическое обозначение материала и объем [7], 110 с.
Размеры 32
461 #0 - УРОВЕНЬ НАБОРА
Встроенное поле 001v19\rc\1890985
-- 2001#$aАльбом детальных чертежей пассажирского паровоза 2-3-0 с пароперегревателем системы Шмидта правительственного заказа$vПриложение...
Системный номер (АБИС) связанной записи 6159295
Место публикации Санкт-Петербург
Дата публикации 1911
Имя издателя, распространителя и т.д. Путил. з-д
Сведения, относящиеся к заглавию Ч. 1-
Заглавие Альбом детальных чертежей пассажирского паровоза 2-3-0 с пароперегревателем системы Шмидта правительственного заказа
Номер тома Приложение...
801 #0 - ИСТОЧНИК ЗАПИСИ
Страна Российская Федерация
Организация NLR
Правила каталогизации psbo
801 #0 - ИСТОЧНИК ЗАПИСИ
Страна Российская Федерация
Организация RuMoRGB
Источник данных psbo
801 #1 - ИСТОЧНИК ЗАПИСИ
Страна Российская Федерация
Организация ProSoft-M
Источник данных rusmarc
852 ## - МЕСТОНАХОЖДЕНИЕ И ШИФР ХРАНЕНИЯ
Идентификатор организации NLR
Шифр хранения (Call Number) 34-21/12(3)
942 ## - ДОПОЛНИТЕЛЬНЫЕ ЭЛЕМЕНТЫ ЗАПИСИ (АБИС)
Тип экземпляра АБИС Книга
980 ## - КОЛЛЕКЦИЯ
Название коллекции Национальная библиография
Экземпляры
Тип экземпляра Дата поступления Библиотека постоянного хранения Библиотека текущего хранения Место хранения Шифр хранения Штрих-код Статус экземпляра
Книга 26.10.2013 РНБ (Садовая) РНБ (Садовая) Русский книжный фонд -Главное здание, Ленинский читальный зал 34-21/12(3) 1-3615484  
Книга 26.10.2013 РНБ (Садовая) РНБ (Садовая) Русский книжный фонд -Главное здание, Ленинский читальный зал 34-21/12 4978436-20